Welfare Reform : Implications for the Job Prospects of AFDC Recipients.

Identifies typical kinds of jobs adults receiving Aid to Families with Dependent Children (AFDC) are qualified for and the earnings associated with those jobs. Examines whether sufficient jobs will be available to absorb influx of AFDC recipients entering the labor market as a result of the new work...

Full description

Bibliographic Details
Corporate Authors: Library of Congress. Congressional Research Service, ProQuest (Firm)
Format: eBook
Language:English
Published: [Place of publication not identified] : [publisher not identified], 1996.
Series:U.S. Congressional Research.
Subjects:
Online Access:Connect to the full text of this electronic book

MARC

Tag First Indicator Second Indicator Subfields
LEADER 00000cam a22000001a 4500
001 in00003374921
006 m d f
007 cr bn mmmapmmp
008 100715s1996 dcu o f000 0 eng d
005 20260429195906.2
035 |a cis2007889927 
040 |a ProQuest  |c ProQuest  |d UtOrBLW 
043 |a n-us--- 
099 |a CRS-1996-ECN-0299 
110 2 |a Library of Congress.  |b Congressional Research Service. 
245 1 0 |a Welfare Reform :  |b Implications for the Job Prospects of AFDC Recipients. 
264 1 |a [Place of publication not identified] :  |b [publisher not identified],  |c 1996. 
300 |a 1 online resource. 
336 |a text  |b txt  |2 rdacontent 
337 |a computer  |b c  |2 rdamedia 
338 |a online resource  |b cr  |2 rdacarrier 
500 |a Record is based on bibliographic data in ProQuest U.S. Congressional Research Digital Collection (last viewed July 2010). Reuse except for individual research requires license from ProQuest, LLC. 
500 |a CRS Report. 
520 |a Identifies typical kinds of jobs adults receiving Aid to Families with Dependent Children (AFDC) are qualified for and the earnings associated with those jobs. Examines whether sufficient jobs will be available to absorb influx of AFDC recipients entering the labor market as a result of the new work requirement under P.L. 104-193, the Personal Responsibility and Work Opportunity Reconciliation Act; discusses rationale for targeted subsidies to employers who hire AFDC recipients; and summarizes past experience with targeted employment tax credits. 
500 |a Electronic resource. 
610 2 0 |a Work Incentive Program (U.S.) 
650 0 |a Subsidies. 
650 0 |a Tax incentives. 
655 7 |a Electronic books.  |2 local 
710 2 |a ProQuest (Firm) 
776 0 8 |i Microfiche version:   |a Library of Congress. Congressional Research Service.  |t Welfare Reform 
830 0 |a U.S. Congressional Research. 
856 4 0 |u http://proxy.library.tamu.edu/login?url=https://congressional.proquest.com/congcomp/getdoc?CRDC-ID=CRS-1996-ECN-0299  |z Connect to the full text of this electronic book  |t 0 
999 |a MARS 
999 f f |s 101adbbc-9659-3d23-ab3c-147eca5bfaa9  |i 28135080-07ac-360a-8a9b-05a62ea1ce40  |t 0 
952 f f |a Texas A&M University  |b College Station  |c Electronic Resources  |s www_evans  |d Available Online  |t 0  |e CRS-1996-ECN-0299  |h Other scheme 
998 f f |a CRS-1996-ECN-0299  |t 0  |l Available Online